[Event "19. Obert Int. Sant Marti 2017 - B"]
[Site "Barcelona ESP"]
[Date "2017.07.15"]
[Round "3.32"]
[White "Moreno Perez, Norberto"]
[Black "Codina Blasco, Joan"]
[Result "1-0"]
[WhiteElo "1851"]
[BlackElo "1722"]
[PlyCount "47"]
[EventDate "2017.07.13"]
[EventType "swiss"]
[EventRounds "9"]
[EventCountry "ESP"]
[SourceTitle "Ajedrez en Madrid"]
[Source "lmi"]
[SourceDate "2017.07.13"]
[SourceVersion "1"]
[SourceVersionDate "2019.06.21"]
[SourceQuality "1"]

1. e4 e6 2. d4 d5 3. exd5 exd5 4. Nf3 Bd6 5. c4 Nf6 6. c5 Be7 7. Bd3 O-O 8. O-O
Bg4 9. Re1 Nc6 10. Be3 Ne4 11. Nc3 f5 12. Rc1 Bf6 13. Nxd5 Bxd4 14. Qb3 Kh8 15.
Nxd4 Nxd4 16. Bxd4 c6 17. Qxb7 Nf6 18. Bxf6 gxf6 19. Qxc6 Rc8 20. Qd6 Qa5 21.
Nxf6 Rcd8 22. Qe7 Rxf6 23. Qxf6+ Kg8 24. Bc4+ 1-0

[Event "19. Obert Int. Sant Marti 2017 - B"]
[Site "Barcelona ESP"]
[Date "2017.07.15"]
[Round "3.33"]
[White "Martin Arranz, Lluis"]
[Black "Molina Hernandez, Albert"]
[Result "1-0"]
[WhiteElo "1669"]
[BlackElo "1840"]
[PlyCount "59"]
[EventDate "2017.07.13"]
[EventType "swiss"]
[EventRounds "9"]
[EventCountry "ESP"]
[SourceTitle "Ajedrez en Madrid"]
[Source "lmi"]
[SourceDate "2017.07.13"]
[SourceVersion "1"]
[SourceVersionDate "2019.06.21"]
[SourceQuality "1"]

1. e4 c5 2. Nf3 Nc6 3. d4 cxd4 4. Nxd4 e5 5. Nb5 a6 6. Nd6+ Bxd6 7. Qxd6 Qf6 8.
Qd1 Qg6 9. Nc3 Nge7 10. Be3 d5 11. exd5 Nb4 12. Rc1 Bf5 13. d6 O-O-O 14. Bc5
Nxc2+ 15. Rxc2 Bxc2 16. Qf3 Nc6 17. Bxa6 e4 18. Qh3+ Kb8 19. Bb5 Ne5 20. O-O
Bd3 21. Rd1 Bxb5 22. Nxb5 Nd3 23. Ba7+ Ka8 24. Qe3 Rd7 25. Nc7+ Rxc7 26. dxc7
Qc6 27. Bb8 b6 28. Qd4 Kb7 29. b3 Qc2 30. Qxe4+ 1-0

[Event "19. Obert Int. Sant Marti 2017 - B"]
[Site "Barcelona ESP"]
[Date "2017.07.15"]
[Round "3.34"]
[White "Gonzalez Canovas, Sebastia"]
[Black "Khudov, Oleksandr"]
[Result "1/2-1/2"]
[WhiteElo "1657"]
[BlackElo "1823"]
[PlyCount "64"]
[EventDate "2017.07.13"]
[EventType "swiss"]
[EventRounds "9"]
[EventCountry "ESP"]
[SourceTitle "Ajedrez en Madrid"]
[Source "lmi"]
[SourceDate "2017.07.13"]
[SourceVersion "1"]
[SourceVersionDate "2019.06.21"]
[SourceQuality "1"]

1. c4 c6 2. Nf3 d5 3. cxd5 cxd5 4. d4 Nf6 5. Nc3 e6 6. Bf4 a6 7. a3 b5 8. e3
Bd6 9. Bxd6 Qxd6 10. Bd3 Bb7 11. O-O Ne4 12. Qc2 f5 13. Ne5 Nd7 14. Nxd7 Qxd7
15. f3 Nd6 16. b3 O-O 17. Qd2 Rac8 18. Rac1 Qd8 19. Ne2 Qb6 20. Rxc8 Rxc8 21.
Rc1 Rc6 22. Rxc6 Bxc6 23. Kf2 Kf7 24. Qc2 g6 25. g3 Bd7 26. Qc5 Qxc5 27. dxc5
Nb7 28. b4 e5 29. Nc3 Bc6 30. e4 d4 31. Nd5 Bxd5 32. exd5 Ke7 1/2-1/2

[Event "19. Obert Int. Sant Marti 2017 - B"]
[Site "Barcelona ESP"]
[Date "2017.07.15"]
[Round "3.35"]
[White "Peiron Lluch, Jose Daniel"]
[Black "Ramon Herraez, Alex"]
[Result "1-0"]
[WhiteElo "1818"]
[BlackElo "1694"]
[PlyCount "45"]
[EventDate "2017.07.13"]
[EventType "swiss"]
[EventRounds "9"]
[EventCountry "ESP"]
[SourceTitle "Ajedrez en Madrid"]
[Source "lmi"]
[SourceDate "2017.07.13"]
[SourceVersion "1"]
[SourceVersionDate "2019.06.21"]
[SourceQuality "1"]

1. d4 d5 2. e3 Nf6 3. f4 Bf5 4. Nf3 e6 5. c3 Be7 6. Bd3 Bxd3 7. Qxd3 O-O 8.
Nbd2 c5 9. O-O Nc6 10. Ne5 Rc8 11. Rf3 c4 12. Qe2 b5 13. Rh3 b4 14. Ndf3 bxc3
15. bxc3 Nb8 16. g4 Nbd7 17. g5 Ne4 18. Nxd7 Qxd7 19. Ne5 Qa4 20. Qh5 h6 21.
gxh6 Qc2 22. Qf3 f6 23. h7+ 1-0

[Event "19. Obert Int. Sant Marti 2017 - B"]
[Site "Barcelona ESP"]
[Date "2017.07.15"]
[Round "3.36"]
[White "Cespedes, Sandra"]
[Black "Pascual Gonzalez-Novelles, Carles"]
[Result "0-1"]
[WhiteElo "1814"]
[BlackElo "1683"]
[PlyCount "88"]
[EventDate "2017.07.13"]
[EventType "swiss"]
[EventRounds "9"]
[EventCountry "ESP"]
[SourceTitle "Ajedrez en Madrid"]
[Source "lmi"]
[SourceDate "2017.07.13"]
[SourceVersion "1"]
[SourceVersionDate "2019.06.21"]
[SourceQuality "1"]

1. e4 e6 2. d4 d5 3. e5 c5 4. c3 Nc6 5. Bb5 Qb6 6. Bxc6+ bxc6 7. Ne2 Ba6 8.
dxc5 Bxc5 9. O-O Qc7 10. b4 Bb6 11. Bf4 Ne7 12. Re1 Ng6 13. Bg3 Bxe2 14. Rxe2
O-O 15. Nd2 Qe7 16. Nf3 c5 17. Qd2 a5 18. bxc5 Qxc5 19. h4 Rac8 20. Rc1 Rfd8
21. h5 Ne7 22. Nd4 Qa3 23. Nb5 Qa4 24. Nd6 Rc7 25. Bf4 Bc5 26. h6 Ng6 27. Bg3
Qg4 28. Ne4 Rdc8 29. Nxc5 Rxc5 30. hxg7 d4 31. Qe1 Rxc3 32. Rxc3 dxc3 33. Rc2
h5 34. f3 Qd4+ 35. Kh1 h4 36. Bh2 Qd3 37. Qf2 Qd1+ 38. Bg1 Kxg7 39. Kh2 Rc4 40.
g4 Nxe5 41. Kg2 Nxf3 42. Qxf3 Qxc2+ 43. Kh3 Qe4 44. Qxe4 Rxe4 0-1

[Event "19. Obert Int. Sant Marti 2017 - B"]
[Site "Barcelona ESP"]
[Date "2017.07.15"]
[Round "3.38"]
[White "Martinez Buendia, Andres"]
[Black "Grasa Solanas, Oscar"]
[Result "1-0"]
[WhiteElo "1804"]
[BlackElo "1676"]
[PlyCount "73"]
[EventDate "2017.07.13"]
[EventType "swiss"]
[EventRounds "9"]
[EventCountry "ESP"]
[SourceTitle "Ajedrez en Madrid"]
[Source "lmi"]
[SourceDate "2017.07.13"]
[SourceVersion "1"]
[SourceVersionDate "2019.06.21"]
[SourceQuality "1"]

1. e4 d5 2. exd5 Qxd5 3. Nc3 Qa5 4. Bc4 Nf6 5. Nf3 Bg4 6. O-O Nc6 7. d4 O-O-O
8. Be3 Nxd4 9. Bxd4 e5 10. Qd3 exd4 11. Ne2 Qh5 12. Ng3 Qa5 13. Bxf7 h5 14. h4
Bd6 15. Ng5 Rhf8 16. Be6+ Kb8 17. Bxg4 Nxg4 18. Ne6 g5 19. Nxg5 Rg8 20. N3e4
Be7 21. g3 Qb6 22. Qb3 Qg6 23. Qe6 Qg7 24. Rad1 Rgf8 25. Qb3 Bxg5 26. Nxg5 Ne5
27. Kg2 Qd7 28. Qe6 Qd5+ 29. Qxd5 Rxd5 30. Ne6 Re8 31. Rxd4 Rxd4 32. Nxd4 c5
33. Nf3 Nc4 34. b3 Nd6 35. Re1 Rf8 36. Re5 b6 37. Rxh5 1-0

[Event "19. Obert Int. Sant Marti 2017 - B"]
[Site "Barcelona ESP"]
[Date "2017.07.15"]
[Round "3.39"]
[White "Arribas Alvarez, Marti"]
[Black "Tortosa Moros, Joan"]
[Result "1-0"]
[WhiteElo "1781"]
[BlackElo "1672"]
[PlyCount "53"]
[EventDate "2017.07.13"]
[EventType "swiss"]
[EventRounds "9"]
[EventCountry "ESP"]
[SourceTitle "Ajedrez en Madrid"]
[Source "lmi"]
[SourceDate "2017.07.13"]
[SourceVersion "1"]
[SourceVersionDate "2019.06.21"]
[SourceQuality "1"]

1. e4 c5 2. d4 cxd4 3. c3 dxc3 4. Nxc3 Nc6 5. Nf3 e6 6. Bc4 Qc7 7. O-O Nf6 8.
Nb5 Qb8 9. e5 a6 10. exf6 axb5 11. fxg7 Bxg7 12. Bxb5 Ra5 13. a4 Na7 14. Bd2
Rxb5 15. axb5 Nxb5 16. Qb3 Na7 17. Ra4 Nc6 18. Rg4 Bf6 19. Bc3 e5 20. Ng5 Nd8
21. Ne4 Be7 22. Qb5 h5 23. Bxe5 Qa8 24. Bxh8 hxg4 25. Nf6+ Bxf6 26. Bxf6 Ne6
27. Qb4 1-0

[Event "19. Obert Int. Sant Marti 2017 - B"]
[Site "Barcelona ESP"]
[Date "2017.07.15"]
[Round "3.40"]
[White "Jimenez Molina, Victor"]
[Black "Madrid Sole, Antonio"]
[Result "0-1"]
[WhiteElo "1646"]
[BlackElo "1772"]
[PlyCount "70"]
[EventDate "2017.07.13"]
[EventType "swiss"]
[EventRounds "9"]
[EventCountry "ESP"]
[SourceTitle "Ajedrez en Madrid"]
[Source "lmi"]
[SourceDate "2017.07.13"]
[SourceVersion "1"]
[SourceVersionDate "2019.06.21"]
[SourceQuality "1"]

1. e4 e6 2. d4 d5 3. Nd2 Nf6 4. e5 Nfd7 5. Bd3 c5 6. c3 Nc6 7. Ngf3 cxd4 8.
cxd4 Qb6 9. O-O Nxd4 10. Nxd4 Qxd4 11. Nf3 Qb6 12. Qa4 a6 13. Ng5 Qb4 14. Qc2
Nxe5 15. Bd2 Qc5 16. Qa4+ Bd7 17. Qf4 f6 18. Bxh7 Bd6 19. Qh4 fxg5 20. Qh5+ Nf7
21. Qg6 Qd4 22. Rfe1 Qf6 23. Qd3 Qh6 24. Bg6 Qxh2+ 25. Kf1 Bb5 26. Qxb5+ axb5
27. Rxe6+ Kf8 28. Rae1 Qh1+ 29. Ke2 Qxg2 30. Kd1 Qg4+ 31. f3 Qxf3+ 32. Kc2 Rc8+
33. Kb1 Rh1 34. R6e3 Rxe1+ 35. Rxe1 Re8 0-1

[Event "19. Obert Int. Sant Marti 2017 - B"]
[Site "Barcelona ESP"]
[Date "2017.07.15"]
[Round "3.41"]
[White "Serentill Tost, Eduard"]
[Black "Bouzas Arcos, Juan Manuel"]
[Result "1/2-1/2"]
[WhiteElo "1639"]
[BlackElo "1771"]
[PlyCount "55"]
[EventDate "2017.07.13"]
[EventType "swiss"]
[EventRounds "9"]
[EventCountry "ESP"]
[SourceTitle "Ajedrez en Madrid"]
[Source "lmi"]
[SourceDate "2017.07.13"]
[SourceVersion "1"]
[SourceVersionDate "2019.06.21"]
[SourceQuality "1"]

1. e4 c5 2. Nf3 e6 3. d4 cxd4 4. Nxd4 Nf6 5. Bd3 d6 6. O-O a6 7. Nd2 b5 8. N2f3
Nbd7 9. b4 Bb7 10. Re1 Rc8 11. a4 bxa4 12. Rxa4 Nb6 13. Ra2 Nc4 14. Qe2 Qc7 15.
b5 axb5 16. Nxb5 Qc5 17. Nbd4 Nd7 18. Nb3 Qc7 19. Bf4 Nce5 20. Nxe5 dxe5 21.
Bd2 Be7 22. Rea1 O-O 23. Na5 Ba8 24. Nb3 Bb7 25. Ba5 Qb8 26. Bb5 Bc6 27. Bxc6
Rxc6 28. Bd2 1/2-1/2

[Event "19. Obert Int. Sant Marti 2017 - B"]
[Site "Barcelona ESP"]
[Date "2017.07.15"]
[Round "3.42"]
[White "Varela Cuadrado, Cesar"]
[Black "Mas Sayos, Lluis"]
[Result "1-0"]
[WhiteElo "1770"]
[BlackElo "1668"]
[PlyCount "51"]
[EventDate "2017.07.13"]
[EventType "swiss"]
[EventRounds "9"]
[EventCountry "ESP"]
[SourceTitle "Ajedrez en Madrid"]
[Source "lmi"]
[SourceDate "2017.07.13"]
[SourceVersion "1"]
[SourceVersionDate "2019.06.21"]
[SourceQuality "1"]

1. e4 c5 2. Nf3 a6 3. c4 Nc6 4. d4 cxd4 5. Nxd4 Nf6 6. Nc3 e6 7. Nxc6 bxc6 8.
e5 Ng8 9. Bd2 Qc7 10. Qh5 Rb8 11. b3 d6 12. exd6 Bxd6 13. Bd3 Nf6 14. Qh4 Bb4
15. O-O Qa5 16. Rac1 Qh5 17. Qg3 Nd7 18. Qxg7 Qe5 19. Qg4 Bd6 20. Qh4 h5 21.
Ne4 Bc7 22. Bc3 Qxh2+ 23. Qxh2 Bxh2+ 24. Kxh2 Rh6 25. Bg7 Rg6 26. Nd6+ 1-0

[Event "19. Obert Int. Sant Marti 2017 - B"]
[Site "Barcelona ESP"]
[Date "2017.07.15"]
[Round "3.44"]
[White "Franzoni Ladron De Guevara, Enric"]
[Black "Kyrkjebo, Eirik"]
[Result "1-0"]
[WhiteElo "1764"]
[BlackElo "1611"]
[PlyCount "67"]
[EventDate "2017.07.13"]
[EventType "swiss"]
[EventRounds "9"]
[EventCountry "ESP"]
[SourceTitle "Ajedrez en Madrid"]
[Source "lmi"]
[SourceDate "2017.07.13"]
[SourceVersion "1"]
[SourceVersionDate "2019.06.21"]
[SourceQuality "1"]

1. e4 b6 2. d4 Bb7 3. Bd3 e6 4. Nf3 Nf6 5. Qe2 d6 6. c4 Be7 7. Nc3 O-O 8. O-O
Nbd7 9. h3 c5 10. d5 e5 11. Nh2 Bc8 12. Bd2 Ne8 13. Rae1 Bg5 14. f4 exf4 15. e5
Nxe5 16. Bc2 g6 17. Bxf4 Bxf4 18. Rxf4 Qg5 19. Ref1 Bxh3 20. Ne4 Qxg2+ 21. Qxg2
Bxg2 22. Kxg2 f5 23. Ng5 Ng7 24. b3 h6 25. Ngf3 g5 26. Nxe5 gxf4 27. Ng6 Rfe8
28. Nxf4 Kf7 29. Nf3 Rg8 30. Kf2 Rae8 31. Nh4 Kf6 32. Rg1 a6 33. Rg6+ Ke5 34.
Ke3 1-0

[Event "19. Obert Int. Sant Marti 2017 - B"]
[Site "Barcelona ESP"]
[Date "2017.07.15"]
[Round "3.45"]
[White "Munoz Lozano, Jorge Manuel"]
[Black "Sagar, Siya"]
[Result "1-0"]
[WhiteElo "1759"]
[BlackElo "1608"]
[PlyCount "61"]
[EventDate "2017.07.13"]
[EventType "swiss"]
[EventRounds "9"]
[EventCountry "ESP"]
[SourceTitle "Ajedrez en Madrid"]
[Source "lmi"]
[SourceDate "2017.07.13"]
[SourceVersion "1"]
[SourceVersionDate "2019.06.21"]
[SourceQuality "1"]

1. g3 Nf6 2. Bg2 g6 3. d3 Bg7 4. e4 c5 5. Nh3 d6 6. O-O O-O 7. f4 Nc6 8. Nd2 b5
9. e5 Bxh3 10. exf6 Bxf6 11. Bxh3 Bd4+ 12. Kh1 Qc7 13. Nf3 Bg7 14. c3 a5 15.
Bd2 Qb7 16. Bg2 Qc7 17. a3 Rfd8 18. Qe2 Rab8 19. Rac1 Qb6 20. Be3 Qb7 21. d4
cxd4 22. Nxd4 Bxd4 23. Bxd4 b4 24. Qd2 bxa3 25. bxa3 Qc7 26. f5 Kf8 27. fxg6
hxg6 28. Bd5 f6 29. Qh6+ Ke8 30. Be6 Nxd4 31. Qh8# 1-0

[Event "19. Obert Int. Sant Marti 2017 - B"]
[Site "Barcelona ESP"]
[Date "2017.07.15"]
[Round "3.46"]
[White "Roche Peris, Eduard"]
[Black "Hebert, Floriane"]
[Result "0-1"]
[WhiteElo "1758"]
[BlackElo "1567"]
[PlyCount "130"]
[EventDate "2017.07.13"]
[EventType "swiss"]
[EventRounds "9"]
[EventCountry "ESP"]
[SourceTitle "Ajedrez en Madrid"]
[Source "lmi"]
[SourceDate "2017.07.13"]
[SourceVersion "1"]
[SourceVersionDate "2019.06.21"]
[SourceQuality "1"]

1. c4 b6 2. g3 Bb7 3. Nf3 e6 4. Bg2 Nf6 5. O-O Be7 6. d4 O-O 7. Nc3 d5 8. Ne5
Nbd7 9. cxd5 Nxd5 10. Nxd5 exd5 11. Bf4 Nxe5 12. Bxe5 Bd6 13. f4 f6 14. Bxd6
Qxd6 15. Qd3 Rfe8 16. Rfe1 Qe6 17. Rac1 c6 18. e4 dxe4 19. Bxe4 Qxa2 20. Bxh7+
Kf8 21. Ra1 Qxb2 22. Reb1 Qe2 23. Qb3 Qe3+ 24. Qxe3 Rxe3 25. Kf2 Re7 26. Bd3
Rd7 27. Ba6 Bxa6 28. Rxa6 Rxd4 29. Rbxb6 axb6 30. Rxa8+ Ke7 31. Ke3 c5 32. Ra7+
Rd7 33. Ra6 Rb7 34. f5 Kd6 35. g4 Kd5 36. h4 Re7+ 37. Kf3 b5 38. g5 fxg5 39.
hxg5 b4 40. Rb6 Ke5 41. Kg4 Rf7 42. Re6+ Kd5 43. g6 Rb7 44. Kf4 b3 45. Re5+ Kd6
46. Re6+ Kd7 47. Re1 b2 48. Rd1+ Ke7 49. Re1+ Kf8 50. Rb1 c4 51. Ke3 Rb3+ 52.
Kd2 Rf3 53. Kc2 Rxf5 54. Kc3 Rb5 55. Kxc4 Rb8 56. Kc3 Ke7 57. Rxb2 Rxb2 58.
Kxb2 Kf6 59. Kc3 Kxg6 60. Kd3 Kf5 61. Ke3 Kg4 62. Kf2 Kh3 63. Kf1 Kh2 64. Kf2
g5 65. Kf3 Kh3 0-1

[Event "19. Obert Int. Sant Marti 2017 - B"]
[Site "Barcelona ESP"]
[Date "2017.07.15"]
[Round "3.47"]
[White "Zheng, Hong Wei"]
[Black "Volart Buil, Jordi"]
[Result "1-0"]
[WhiteElo "1572"]
[BlackElo "1754"]
[PlyCount "75"]
[EventDate "2017.07.13"]
[EventType "swiss"]
[EventRounds "9"]
[EventCountry "ESP"]
[SourceTitle "Ajedrez en Madrid"]
[Source "lmi"]
[SourceDate "2017.07.13"]
[SourceVersion "1"]
[SourceVersionDate "2019.06.21"]
[SourceQuality "1"]

1. e4 e5 2. Nf3 Nc6 3. Nc3 Bb4 4. Nd5 Nf6 5. Nxb4 Nxb4 6. c3 Nc6 7. Qc2 d6 8.
Be2 O-O 9. O-O h6 10. d4 Qe7 11. d5 Nb8 12. h3 Nh7 13. Bd3 Nd7 14. Be3 Re8 15.
Nd2 a6 16. c4 c5 17. a3 Qh4 18. b4 b6 19. Qa4 b5 20. cxb5 Nb6 21. Qa5 Qd8 22.
bxc5 dxc5 23. Bxc5 Nd7 24. b6 Nxc5 25. Qxc5 Qe7 26. d6 Qg5 27. Nf3 Qf4 28. Nh2
Ng5 29. Rfc1 Nxe4 30. Bxe4 Qxe4 31. Qc7 Bb7 32. f3 Qe3+ 33. Kh1 Rac8 34. d7 Rf8
35. dxc8=Q Rxc8 36. Qxc8+ Bxc8 37. Rxc8+ Kh7 38. b7 1-0

[Event "19. Obert Int. Sant Marti 2017 - B"]
[Site "Barcelona ESP"]
[Date "2017.07.15"]
[Round "3.48"]
[White "Mercader Rubio, Luis"]
[Black "Pascual Duran, Pau"]
[Result "1-0"]
[WhiteElo "1747"]
[BlackElo "1491"]
[PlyCount "79"]
[EventDate "2017.07.13"]
[EventType "swiss"]
[EventRounds "9"]
[EventCountry "ESP"]
[SourceTitle "Ajedrez en Madrid"]
[Source "lmi"]
[SourceDate "2017.07.13"]
[SourceVersion "1"]
[SourceVersionDate "2019.06.21"]
[SourceQuality "1"]

1. e4 e6 2. d4 d5 3. exd5 exd5 4. Nf3 Bd6 5. Bd3 Nc6 6. O-O Nge7 7. h3 Be6 8.
Re1 Qd7 9. Ng5 Nxd4 10. Ba6 c5 11. Bd3 O-O-O 12. c3 Ndc6 13. Nd2 h6 14. Nxe6
fxe6 15. Qg4 Ne5 16. Qe2 Rdf8 17. Bb5 N7c6 18. Bxc6 Qxc6 19. c4 Rf6 20. b3 Rhf8
21. f3 d4 22. Ne4 Nxf3+ 23. gxf3 d3 24. Qxd3 Rg6+ 25. Kf2 Be5 26. Rb1 Qc7 27.
Rg1 Rxg1 28. Kxg1 Qf7 29. Bb2 Rd8 30. Qe2 Bf4 31. Bc3 Qf5 32. Qg2 g5 33. Qg4
Qg6 34. Re1 h5 35. Qg2 Qf5 36. Bd2 Be5 37. Bxg5 Rd3 38. Be3 Rxe3 39. Rxe3 Bd4
40. Nd6+ 1-0

[Event "19. Obert Int. Sant Marti 2017 - B"]
[Site "Barcelona ESP"]
[Date "2017.07.15"]
[Round "3.49"]
[White "Minko, Olga"]
[Black "Minos Constante, Pablo"]
[Result "1/2-1/2"]
[WhiteElo "1563"]
[BlackElo "1742"]
[PlyCount "66"]
[EventDate "2017.07.13"]
[EventType "swiss"]
[EventRounds "9"]
[EventCountry "ESP"]
[SourceTitle "Ajedrez en Madrid"]
[Source "lmi"]
[SourceDate "2017.07.13"]
[SourceVersion "1"]
[SourceVersionDate "2019.06.21"]
[SourceQuality "1"]

1. e4 c5 2. Nf3 Nc6 3. d4 cxd4 4. Nxd4 Nf6 5. Nc3 e5 6. Ndb5 d6 7. a4 a6 8. Na3
Be6 9. Bg5 Be7 10. Bxf6 Bxf6 11. Nd5 Bxd5 12. Qxd5 Qa5+ 13. Qxa5 Nxa5 14. O-O-O
Be7 15. Nc4 Nxc4 16. Bxc4 Rf8 17. Bd5 O-O-O 18. Rd3 Rd7 19. Rhd1 Rc7 20. Bb3
Kb8 21. Rf3 g6 22. g4 Bg5+ 23. Kb1 Rd7 24. Be6 Rdd8 25. Bd5 Bf4 26. Rdd3 Rd7
27. h4 h6 28. Rb3 Rc8 29. Rb6 Rcc7 30. Rfb3 Ka7 31. R6b4 Bd2 32. Rc4 Rxc4 33.
Bxc4 Bf4 1/2-1/2

[Event "19. Obert Int. Sant Marti 2017 - B"]
[Site "Barcelona ESP"]
[Date "2017.07.15"]
[Round "3.51"]
[White "Lobo Pereira, Arami"]
[Black "Gonzalez Moreno, Antoni"]
[Result "0-1"]
[WhiteElo "1206"]
[BlackElo "1734"]
[PlyCount "116"]
[EventDate "2017.07.13"]
[EventType "swiss"]
[EventRounds "9"]
[EventCountry "ESP"]
[SourceTitle "Ajedrez en Madrid"]
[Source "lmi"]
[SourceDate "2017.07.13"]
[SourceVersion "1"]
[SourceVersionDate "2019.06.21"]
[SourceQuality "1"]

1. e4 c6 2. Nf3 d5 3. e5 Bg4 4. d4 e6 5. Nc3 Ne7 6. Bd3 Nd7 7. h3 Bh5 8. Be3
Bg6 9. Qd2 Bxd3 10. cxd3 Nf5 11. Bf4 Qb6 12. Be3 Nxe3 13. fxe3 c5 14. Qe2 cxd4
15. exd4 Bb4 16. Qf2 h6 17. O-O O-O 18. Ne2 Rac8 19. a3 Be7 20. Ng3 Qb3 21.
Rfd1 Rc2 22. Rd2 Rfc8 23. Rb1 Bxa3 24. Rxc2 Rxc2 25. Nd2 Qxd3 26. bxa3 Rxd2 27.
Qe1 b6 28. Nf1 Qxd4+ 29. Kh2 Ra2 30. Qc1 Qxe5+ 31. Kh1 Nc5 32. Nd2 Qe2 33. Rb2
Rxb2 34. Qxb2 Nd3 35. Qc3 Nf4 36. Qg3 Qxd2 37. a4 Qxg2+ 38. Qxg2 Nxg2 39. Kxg2
f5 40. Kf3 e5 41. Ke3 Kf7 42. Ke2 Ke6 43. Ke3 d4+ 44. Kd3 Kd5 45. Ke2 e4 46.
Ke1 d3 47. Kd2 Kd4 48. a5 e3+ 49. Ke1 Kc3 50. axb6 axb6 51. h4 Kc2 52. h5 d2+
53. Kf1 d1=Q+ 54. Kg2 e2 55. Kh3 e1=R 56. Kg2 Re3 57. Kf2 Qd2+ 58. Kf1 Re1# 0-1

[Event "19. Obert Int. Sant Marti 2017 - B"]
[Site "Barcelona ESP"]
[Date "2017.07.15"]
[Round "3.54"]
[White "Corominas Garrido, Jordi"]
[Black "Ferre Navarro, Joan"]
[Result "1-0"]
[WhiteElo "1864"]
[BlackElo "1587"]
[PlyCount "89"]
[EventDate "2017.07.13"]
[EventType "swiss"]
[EventRounds "9"]
[EventCountry "ESP"]
[SourceTitle "Ajedrez en Madrid"]
[Source "lmi"]
[SourceDate "2017.07.13"]
[SourceVersion "1"]
[SourceVersionDate "2019.06.21"]
[SourceQuality "1"]

1. c4 g6 2. g3 Bg7 3. Bg2 Nf6 4. Nc3 c6 5. e4 d6 6. Nge2 b6 7. O-O Bb7 8. d4
Nbd7 9. f4 e5 10. fxe5 dxe5 11. d5 O-O 12. b3 Qe7 13. a4 Rfd8 14. Qc2 Rac8 15.
Ba3 c5 16. Rad1 Ng4 17. Bc1 Ngf6 18. Rd3 a6 19. h3 h6 20. Rdf3 Kh7 21. g4 Rf8
22. Ng3 Rcd8 23. Be3 Bc8 24. g5 Ng8 25. gxh6 Bxh6 26. Qf2 Bxe3 27. Qxe3 Kg7 28.
Qf2 Ndf6 29. Qe3 Nh6 30. Qg5 Nhg8 31. Nf5+ Bxf5 32. Rxf5 Rde8 33. Qg3 Kh7 34.
Qh4+ Kg7 35. R1f3 gxf5 36. Rxf5 Nh6 37. Qg5+ Kh7 38. Rxf6 Qxf6 39. Qxf6 Rg8 40.
Qxb6 Rg6 41. Qxc5 Reg8 42. Qf2 Rxg2+ 43. Qxg2 Rxg2+ 44. Kxg2 f6 45. d6 1-0

[Event "19. Obert Int. Sant Marti 2017 - B"]
[Site "Barcelona ESP"]
[Date "2017.07.15"]
[Round "3.55"]
[White "Landsverk, Ida"]
[Black "Lozano Ruiz, David"]
[Result "0-1"]
[WhiteElo "1439"]
[BlackElo "1844"]
[PlyCount "128"]
[EventDate "2017.07.13"]
[EventType "swiss"]
[EventRounds "9"]
[EventCountry "ESP"]
[SourceTitle "Ajedrez en Madrid"]
[Source "lmi"]
[SourceDate "2017.07.13"]
[SourceVersion "1"]
[SourceVersionDate "2019.06.21"]
[SourceQuality "1"]

1. e4 e6 2. d4 d5 3. Nd2 c5 4. exd5 Qxd5 5. Ngf3 cxd4 6. Bc4 Qd6 7. O-O Nf6 8.
Nb3 Nc6 9. Nbxd4 Nxd4 10. Nxd4 Be7 11. c3 O-O 12. Qf3 Qb6 13. Bb3 a5 14. Be3
Bc5 15. Rab1 e5 16. Nc2 Bg4 17. Qg3 a4 18. Bc4 Qd6 19. Bxc5 Qxc5 20. Na3 Rfd8
21. Rfe1 e4 22. h3 Bh5 23. Qe3 Qc6 24. g4 Bg6 25. Bf1 h5 26. g5 Nd7 27. Bg2 Re8
28. Nc2 Qc4 29. Ra1 Ne5 30. Nd4 Nd3 31. Bf1 Qc8 32. Bxd3 exd3 33. Qf3 Qd7 34.
Rad1 Ra5 35. h4 Rae5 36. Rxe5 Rxe5 37. Rxd3 Bxd3 38. Qxd3 Re1+ 39. Kh2 Qd6+ 40.
Kg2 Qd5+ 41. f3 Qe5 42. Kf2 Qe8 43. Qd2 Re5 44. Qd3 b5 45. a3 g6 46. Kg3 Kg7
47. Kf2 f6 48. gxf6+ Kxf6 49. f4 Rd5 50. Kf3 Qc8 51. Kg3 Qg4+ 52. Kf2 Qxh4+ 53.
Ke2 Qxf4 54. Qh3 Re5+ 55. Kd3 Qe4+ 56. Kd2 Qe1+ 57. Kc2 Qf2+ 58. Kd3 Qf4 59.
Qg2 Qe3+ 60. Kc2 Qe4+ 61. Qxe4 Rxe4 62. Nxb5 h4 63. Nd4 Rxd4 64. cxd4 h3 0-1

[Event "19. Obert Int. Sant Marti 2017 - B"]
[Site "Barcelona ESP"]
[Date "2017.07.15"]
[Round "3.56"]
[White "Low, Kevin"]
[Black "Riera Mestres, Josep"]
[Result "1-0"]
[WhiteElo "1843"]
[BlackElo "1579"]
[PlyCount "55"]
[EventDate "2017.07.13"]
[EventType "swiss"]
[EventRounds "9"]
[EventCountry "ESP"]
[SourceTitle "Ajedrez en Madrid"]
[Source "lmi"]
[SourceDate "2017.07.13"]
[SourceVersion "1"]
[SourceVersionDate "2019.06.21"]
[SourceQuality "1"]

1. e4 g6 2. d4 Bg7 3. c3 d6 4. Bd3 Nf6 5. Nf3 Bg4 6. h3 Bxf3 7. Qxf3 O-O 8. O-O
c6 9. Be3 Nbd7 10. Qe2 e6 11. Nd2 d5 12. e5 Ne8 13. Rae1 Nb6 14. f4 Na4 15. Nf3
Qb6 16. Qc2 Qa5 17. b4 Qd8 18. Qxa4 a6 19. Qc2 Bh8 20. Re2 Ng7 21. g4 Re8 22.
Rg2 Re7 23. f5 exf5 24. gxf5 Qc8 25. Nh2 Nh5 26. Qe2 Ng7 27. Ng4 Nh5 28. Nh6+
1-0

[Event "19. Obert Int. Sant Marti 2017 - B"]
[Site "Barcelona ESP"]
[Date "2017.07.15"]
[Round "3.57"]
[White "Bernat Mor, Juli"]
[Black "Subirana Santos, Marc"]
[Result "0-1"]
[WhiteElo "1274"]
[BlackElo "1679"]
[PlyCount "80"]
[EventDate "2017.07.13"]
[EventType "swiss"]
[EventRounds "9"]
[EventCountry "ESP"]
[SourceTitle "Ajedrez en Madrid"]
[Source "lmi"]
[SourceDate "2017.07.13"]
[SourceVersion "1"]
[SourceVersionDate "2019.06.21"]
[SourceQuality "1"]

1. d4 Nf6 2. c4 g6 3. Nc3 Bg7 4. e4 d6 5. Nf3 O-O 6. Be2 e5 7. dxe5 dxe5 8.
Qxd8 Rxd8 9. O-O c6 10. Be3 Re8 11. Rfd1 Na6 12. a3 Ng4 13. Bd2 Nc5 14. Rab1 f5
15. h3 Nf6 16. b4 Ncxe4 17. Rbc1 Nxd2 18. Nxd2 e4 19. Nb3 b6 20. Nd4 Bb7 21. c5
b5 22. a4 a6 23. axb5 axb5 24. Nb3 Red8 25. Na5 Rxd1+ 26. Bxd1 Rb8 27. Bb3+ Kf8
28. Rd1 Ke7 29. Rd6 Ne8 30. Nxc6+ Bxc6 31. Nd5+ Bxd5 32. Rxd5 Rd8 33. Kf1 Rxd5
34. Bxd5 Bc3 35. Bb7 Bxb4 36. c6 Kd6 37. Ke2 Kc7 38. Kd1 Nd6 39. Kc2 Nxb7 40.
cxb7 Kxb7 0-1